El cielo es el límite / (Record no. 11075)

MARC details
000 -LEADER
fixed length control field 00892nam a22001817a 4500
008 - FIXED-LENGTH DATA ELEMENTS--GENERAL INFORMATION
fixed length control field 250901b ||||| |||| 00| 0 spa d
020 ## - INTERNATIONAL STANDARD BOOK NUMBER
International Standard Book Number 978-987-566-798-3
040 ## - CATALOGING SOURCE
Original cataloging agency AR-FvUNAJ
Modifying agency AR-FvUNAJ
Description conventions aacr2
082 14 - DEWEY DECIMAL CLASSIFICATION NUMBER
Edition number 14
Classification number 158.1
100 1# - MAIN ENTRY--PERSONAL NAME
Personal name Dyer, Wayne W.
Dates associated with a name 1940-2015
9 (RLIN) 21882
245 13 - TITLE STATEMENT
Title El cielo es el límite /
Statement of responsibility, etc Wayne W. Dyer.
260 ## - PUBLICATION, DISTRIBUTION, ETC. (IMPRINT)
Place of publication, distribution, etc Buenos Aires :
Name of publisher, distributor, etc Debolsillo,
Date of publication, distribution, etc 2012.
300 ## - PHYSICAL DESCRIPTION
Extent 375 p.
520 ## - SUMMARY, ETC.
Summary, etc Si su límite es el cielo, quiere decir que los únicos límites que en<br/>realidad existen son los que usted, en su interior, se marca, muchas<br/>veces sin quererlo.<br/>Porque realmente ustedpuede cambiar su vida, puede convertirse en una<br/>persona autónoma, dueña en cada momento de sus actos y sus proyectos, de<br/>sus decisiones y de la realización de sus esperanzas.
650 #0 - SUBJECT ADDED ENTRY--TOPICAL TERM
9 (RLIN) 9049
Topical term or geographic name as entry element AUTOAYUDA
942 ## - ADDED ENTRY ELEMENTS (KOHA)
Source of classification or shelving scheme Dewey Decimal Classification
Item type Libro, folleto, traducción
980 ## - EQUIVALENCE OR CROSS-REFERENCE-SERIES STATEMENT--PERSONAL NAME/TITLE [LOCAL, CANADA]
Linkage 2
Personal name Virginia Figueroa
Field link and sequence number 2
Miscellaneous information Virginia Figueroa
Holdings
Withdrawn status Lost status Source of classification or shelving scheme Damaged status Not for loan Home library Current library Date acquired Source of acquisition Total Checkouts Full call number Barcode Date last seen Price effective from Koha item type
    Dewey Decimal Classification     Biblioteca Central Biblioteca Central 01/09/2025 Donación   158.1 DYE UNAJ25090010 01/09/2025 01/09/2025 Libro, folleto, traducción

Lunes a Viernes 8:30 a 19:00 hs. Cerrado por mudanza
Av.Calchaqui 6200 Florencio Varela (CP188) 2°piso Edificio Mosconi Aula 209-210
Mail: bibliotecacentralunaj@gmail.com  
Whatsapp(54 9)1122668024    ❔Pregunte a la bibliotecaria
© Universidad Nacional Arturo Jauretche | Secretaría Académica | Biblioteca Central UNAJ